| 000 | 00635nam a22002177a 4500 | ||
|---|---|---|---|
| 999 |
_c8837 _d8837 |
||
| 001 | 8837 | ||
| 003 | OSt | ||
| 005 | 20180305172336.0 | ||
| 008 | 180304b1198 bg ||||| |||| 00| 0 ben d | ||
| 035 | _a(BD-JhCC)8837 | ||
| 040 |
_aBD-JhCC _dBD-JhCC |
||
| 041 | _aben | ||
| 082 |
_a547 _bUCC 1984 |
||
| 245 |
_aউচ্চ মাধ্যমিক জৈব রসায়ন / _cজি কে নাথ...[et. all] |
||
| 260 |
_aঢাকা: _bহাসান বুক হাউস _c1984. |
||
| 300 |
_a576 p. : _c20 cm. |
||
| 650 | _aOrganic Chemistry | ||
| 700 | _aনাথ, জি কে | ||
| 942 |
_2ddc _cBK |
||